Inside Windows 95 (Record no. 6266)
[ view plain ]
| 000 -LEADER | |
|---|---|
| fixed length control field | 00399 a2200145 4500 |
| 020 ## - INTERNATIONAL STANDARD BOOK NUMBER | |
| International Standard Book Number | 155615626X |
| 090 ## - LOCALLY ASSIGNED LC-TYPE CALL NUMBER (OCLC); LOCAL CALL NUMBER (RLIN) | |
| -- | 2336 |
| -- | 2336 |
| 100 10 - MAIN ENTRY--PERSONAL NAME | |
| Personal name | King, Adrian |
| 245 10 - TITLE STATEMENT | |
| Title | Inside Windows 95 |
| Statement of responsibility, etc. | / Adrian King. |
| 260 0# - PUBLICATION, DISTRIBUTION, ETC. | |
| Place of publication, distribution, etc. | Redmond, WA |
| Name of publisher, distributor, etc. | : Microsoft Press |
| Date of publication, distribution, etc. | , c1994. |
| 300 ## - PHYSICAL DESCRIPTION | |
| Extent | xxix, 476 p. |
| Other physical details | : ill. |
| Dimensions | ; 24 cm. |
| 500 ## - GENERAL NOTE | |
| General note | Includes index. |
| 650 #0 - SUBJECT ADDED ENTRY--TOPICAL TERM | |
| Topical term or geographic name entry element | Windows (Computer programs) |
| 942 ## - ADDED ENTRY ELEMENTS (KOHA) | |
| Koha item type | Book |
| Call number prefix | 005.4469 KIN |
| Withdrawn status | Lost status | Damaged status | Not for loan | Collection code | Permanent Location | Current Location | Shelving location | Date acquired | Source of acquisition | Total Checkouts | Full call number | Barcode | Date last seen | Price effective from | Koha item type |
|---|---|---|---|---|---|---|---|---|---|---|---|---|---|---|---|
| Central Library (CL) | Central Library (CL) | First Floor - Operating System/ Data Structure | 09/06/2001 | Donation | 005.4469 KIN | SEECS001314 | 11/14/2012 | 01/05/2017 | Book |
